000 00305nam a22001457a 4500
008 210521b ||||| |||| 00| 0 eng d
020 _a01118002
041 _aeng
080 _a721.053
082 _a721.053
100 _a62
101 _aAUD
245 _aAuditing
_cRobertson,J.C
942 _2udc
_cBK
999 _c57601
_d57601